| 000 | 00402nam a2200157Ia 4500 | ||
|---|---|---|---|
| 003 | GCL | ||
| 008 | 140319s9999 xx 000 0 eng d | ||
| 040 |
_aGCL / _cGCL |
||
| 082 | 0 | 4 |
_a512.72 _bB E |
| 100 | 1 | _aBURTON, DAVID | |
| 245 | 1 | 0 |
_aELEMENTARY NUMBER THEORY / _cBURTON, DAVID |
| 260 |
_a[S.N] : _bW M. BROWNBLISRS ، _c1994 |
||
| 300 | _a380 P | ||
| 650 | 0 | 4 | _aELEMENTARY NUMBER |
| 942 |
_2ddc _cBK |
||
| 999 |
_c11492 _d11492 |
||